• 首页
  • 本馆介绍
  • 公告通知
  • 最新文献
  • 馆藏检索
  • 电子资源
  • 读者导购
  • 参考咨询
  • 我的图书馆
  • 登录
  • 详细信息显示
  • 放入我的书架
  • 预约/预借图书
  • 作者相关作品
  • 分类相关作品
  • 丛书相关作品
  • 出版社相关作品

书目信息

  • 表格格式
  • 工作单格式
  • 卡片格式
题名:
工业工程基础
    
 
作者: 汪应洛 主编
分册:  
出版信息: 北京   中国科学技术出版社  2006
页数: 227页
开本: 26cm
丛书名:
单 册:
中图分类: F402
科图分类:
主题词: 工业经济--经济理论
电子资源:
ISBN: 7-5046-3795-5
000 00553nam0 2200193 450
001 0735592734
005 20070906095312.73
010    @a7-5046-3795-5@d¥25.00
100    @a20070906d km y0chiy0120 ea
101 0  @achi
200 1  @a工业工程基础@Agong ye gong cheng ji chu@f汪应洛主编@Fwang ying luo zhu bian
205    @a2版
210    @a北京@c中国科学技术出版社@d2006
215    @a227页@d26cm
606 0  @a工业经济@x经济理论
690    @aF402@v3
701  0 @a汪应洛@Awang ying luo@4主编
801  0 @aCN@bPFT@c20070906
905    @a213230@dF402@eP3=2@f1
    
    工业工程基础/汪应洛主编.-2版.-北京:中国科学技术出版社,2006
    227页;26cm
    
    
    ISBN 7-5046-3795-5:¥25.00
    
●
相关链接 在E读中查询图书 在五车中查询图书 在当当中查询图书 在豆瓣中查询图书


正题名:工业工程基础     索取号:F402/P3=2         预约/预借

序号 登录号 条形码 馆藏地/架位号 状态 备注
1 7201839   272018675   密集书库-物理学院/ [索取号:F402/P3=2] 在馆    
2 7201840   272018684   密集书库-物理学院/ [索取号:F402/P3=2] 在馆    
唐山师范学院图书馆 欢迎您!
大连网信软件有限公司© 版权所有